000 00620nam a2200205 4500
999 _c2794
_d2794
001 2794
003 BD-JhCC
005 20171106201235.0
008 171106b bg ||||| |||| 00| 0 ben d
035 _a(BD-JhCC)
040 _aBD-JhCC
_dBD-JhCC
041 _aben
082 _a891.443
_bISL
100 _aইসলাম, নজরুল
245 _aব্যথার দান /
_cকাজী নজরুল ইসলাম
260 _aচট্টগ্রাম :
_bসাহিত্য প্রকাশনী ;
300 _a১০৯ পৃ.;
_c২২ সেমি
650 _aNovel
942 _2ddc
_cBK